Informe final de practicas pre-profesionales área de psicología organizacional (Registro nro. 21540)

Detalles MARC
000 -Cabecera
Campo de control interno 00539nam a22002057a 4500
005 - Fecha y hora del registro
control field 20260312083013.0
008 - Elementos de Longitud Fija
fixed length control field 260312b |||||||| |||| 00| 0 spa d
041 ## - Idioma
Codigo Idioma ESP
082 ## - DEWEY y NOTACIÓN INTERNA
Dewey INF 150
Notación Interna V67
100 ## - AUTOR
Autor denominación Villegas Comesaña, Carmen Alexandra
245 ## - TÍTULO DE MATERIAL BIBLIOGRÁFICO
Título Informe final de practicas pre-profesionales área de psicología organizacional
260 ## - CIUDAD, EDITORIAL, AÑO
Ciudad :
Nombre de la Editorial ,
300 ## - DESCRIPCIÓN
N° Páginas 249 páginas ;
Otros detalles ;
Dimensiones 30 cm.
Material Adicional 2011
440 ## - MENCIÓN DE SERIE
Título de la Serie ;
650 ## - TEMAS
Temas Generalidades
654 ## - PROGRAMAS
Programa Dpto. de Psicología
700 ## - OTROS AUTORES
Otros autores ;
942 ## - ELEMENTOS DE KOHA
Tipo de documento Libro
Nombre del creador Justo Noguera
Código de catalogador Justo Noguera
Esquema de clasificación Dewey Decimal Classification
Existencias
Codigo completo Registro Colección Copia número Disponibilidad Tipo de préstamo Biblioteca Actual Procedencia (Biblioteca) Ubicacón Fecha Ingreso Tipo de Adquisición Date last seen Total checkouts Price effective from Tipo de Item Estado del Material Fuente de Clasificación Damaged status Withdrawn status
INF 150 V67 1010801 Universidad Católica San Pablo 2 Disponible Disponible Víctor Andrés Belaunde Víctor Andrés Belaunde Planta baja abierta 12/03/2026 Compra 12/03/2026   12/03/2026 Libro Bueno Dewey Decimal Classification